Powiaty województwa zielonogórskiego w 1968r. na mapie - Statystyki

Ogólne statystyki
  • Ten quiz został rozwiązany 17 razy
  • Średni wynik to 17 z 18
Odpowiedzi na mapie
Odpowiedzi zakodowano w zielono-czerwonej skali na mapie do tego quizu, zgodnie z poniższymi procentami.
 
Statystyki odpowiedzi
powiat % Poprawnych
gorzowski
100%
Miasto {Gorzów Wielkopolski}
100%
Miasto {Zielona Góra}
100%
nowosolski
100%
słubicki
100%
sulęciński
100%
świebodziński
100%
wschowski
100%
żarski
100%
zielonogórski
100%
krośnieński
92%
międzyrzecki
92%
strzelecki
92%
sulechowski
92%
żagański
92%
głogowski
85%
szprotawski
62%
lubski
54%
Nie znaleziono quizów pasujących do podanych kryteriów
Rozkład punktacji
Procent ludzi z każdym wynikiem
Percentyl według liczby udzielonych odpowiedzi
Twoja historia wyników
Nie rozwiązałeś tego quizu